MARC

LEADER 00000nam0a2200000 4500
001 308052
005 20231102002044.0
035 |a (RuTPU)RU\TPU\book\333360 
090 |a 308052 
100 |a 20151028d1949 km y0rusy50 ca 
101 0 |a rus 
102 |a RU 
105 |a a z 000zy 
200 1 |a Нормы аэродинамического расчета котельных агрегатов. Книга 16  |f Центральный научно-исследовательский котлотурбинный институт им. И. И. Ползунова ; гл. ред. Ф. И. Фетисов 
210 |a Москва  |a Ленинград  |c Машгиз  |d 1949 
215 |a 74 с.  |c ил.  |e Приложение 3 : Расчетные графики 
606 1 |a Котельные установки  |x Аэродинамический расчет  |2 stltpush  |3 (RuTPU)RU\TPU\subj\15982  |9 42177 
610 1 |a расчетные формулы 
610 1 |a котельные пучки 
610 1 |a секционные котлы 
610 1 |a водяные экономайзеры 
610 1 |a газопроводы 
610 1 |a воздухоподогреватели 
610 1 |a дымососы 
610 1 |a вентиляторы 
610 1 |a примеры 
675 |a 621.18.013  |v 3 
702 1 |a Фетисов  |b Ф. И.  |4 651 
712 0 2 |a Центральный научно-исследовательский котлотурбинный институт им. И. И. Ползунова  |2 stltpush  |3 (RuTPU)RU\TPU\col\14027  |9 25861 
801 1 |a RU  |b 63413507  |c 20151028 
801 2 |a RU  |b 63413507  |c 20151030  |g RCR 
942 |c BK